000 00426nam a2200145Ia 4500
008 231129s2006||||xx |||||||||||||| ||spa||
020 _a958-9771-7
040 _bspa
082 _a986.106 C268c
100 _aCardona Tobón Alfredo
245 0 _aLos caudillos del desastre : Guerras civiles en el siglo XIX
260 _c2006
264 _aUniversidad Autónoma
942 _2ddc
_cBKS
999 _c19537
_d19537